Minecraft 1.16.1 Monsters Hunted Quiz - Statistics

General Stats
  • This quiz has been taken 230 times
  • The average score is 27 of 33
Answer Stats
Hint Answer % Correct
Boss Wither
98%
Overworld Zombie
98%
Overworld Skeleton
97%
Boss Ender Dragon
94%
End Enderman
94%
Overworld Spider
93%
Nether Piglin
92%
Aquatic Guardian
91%
Aquatic Drowned
90%
Overworld Creeper
89%
End Shulker
89%
Nether Wither Skeleton
89%
Nether Ghast
88%
Raid Mob Pillager
88%
Nether Blaze
87%
Boss Elder Guardian
86%
Raid Mob Witch
84%
Nether Hoglin
81%
Nether Magma Cube
79%
Raid Mob Ravager
79%
Overworld Cave Spider
78%
Rare Mob Endermite
78%
Raid Mob Evoker
78%
Overworld Slime
75%
Raid Mob Vex
75%
Overworld Husk
74%
Nether Zombified Piglin
73%
Rare Mob Silverfish
72%
Raid Mob Vindicator
70%
Overworld Stray
67%
Overworld Phantom
66%
Overworld Zombie Villager
61%
Rare Mob Zombified Hoglin
42%
No matching quizzes found
Score Distribution
Percent of People with Each Score
Percentile by Number Answered
Your Score History
You have not taken this quiz